000
00283nam a22001337a 4500
008
181126b xxu||||| |||| 00| 0 eng d
020
_a
9780669011005
041
_a
eng
080
_a
510
100
_a
37
101
_a
MAT
245
_a
Math In Focus
_c
Fong.H.K
942
_2
udc
_c
BK
999
_c
52494
_d
52494